Új berendezések, több termék Három szegedi üzem munkájáról

Elmentve itt :
Bibliográfiai részletek
Dokumentumtípus: Cikk
Megjelent: 1972-05-10
Sorozat:Délmagyarország 62 No. 108
Kulcsszavak:gyáripar
Online Access:http://dmarchiv.bibl.u-szeged.hu/104662
LEADER 00437nab a2200145 i 4500
001 delm104662
005 20190320122959.0
008 190320s1972 hu o 0|| hun d
040 |a SZTE Délmagyarország Archívum  |b hun 
041 |a hun 
245 0 0 |a Új berendezések, több termék   |h [elektronikus dokumentum] :  |b Három szegedi üzem munkájáról 
260 |c 1972-05-10 
300 |a 1 
490 0 |a Délmagyarország  |v 62 No. 108 
695 |a gyáripar